<?xml version="1.0" encoding="UTF-8"?>
<marc:record xmlns:marc="http://www.loc.gov/MARC21/slim">
   <marc:leader>00000nam a2200000 a 4500</marc:leader>
   <marc:datafield ind1="1" ind2=" " tag="100">
      <marc:subfield code="a">Fussenegger, Gertrud</marc:subfield>
      <marc:subfield code="4">aut</marc:subfield>
      <marc:subfield code="e">Verfasser/-in</marc:subfield>
   </marc:datafield>
   <marc:datafield ind1="1" ind2=" " tag="100">
      <marc:subfield code="a">Singer, Elisabeth</marc:subfield>
      <marc:subfield code="4">aut</marc:subfield>
      <marc:subfield code="e">Verfasser/-in</marc:subfield>
   </marc:datafield>
   <marc:datafield ind1=" " ind2=" " tag="653">
      <marc:subfield code="a">Elisabeth von Thüringen</marc:subfield>
   </marc:datafield>
   <marc:datafield ind1=" " ind2=" " tag="653">
      <marc:subfield code="a">Heilige</marc:subfield>
   </marc:datafield>
   <marc:datafield ind1="0" ind2="0" tag="245">
      <marc:subfield code="a">Elisabeth</marc:subfield>
   </marc:datafield>
   <marc:datafield ind1="0" ind2="0" tag="245">
      <marc:subfield code="c">Gertrud Fussenegger. Mit Bildern von Elisabeth Singer</marc:subfield>
   </marc:datafield>
   <marc:datafield ind1=" " ind2="1" tag="264">
      <marc:subfield code="a">Innsbruck</marc:subfield>
      <marc:subfield code="b">Tyrolia</marc:subfield>
      <marc:subfield code="c">2004</marc:subfield>
   </marc:datafield>
   <marc:datafield ind1=" " ind2=" " tag="250">
      <marc:subfield code="a">4. Aufl.</marc:subfield>
   </marc:datafield>
   <marc:datafield ind1="1" ind2=" " tag="520">
      <marc:subfield code="a">Behutsame Biografie der hl. Elisabeth in Wort und Bild. (ab 5) (JD) Mit viel Gespür und dem nötigen Einfühlungsvermögen ebnet die vielfach ausgezeichnete Gertrud Fussenegger für Kinder ab 5 Jahren den Weg zur Gestalt der hl. Elisabeth von Thüringen. Vor knapp 800 Jahren (1207) kam sie in der Slowakei als Tochter des ungarischen Königs zur Welt, wurde bereits mit vier Jahren mit Ludwig, dem späteren Landgrafen von Thüringen, verlobt und nach Deutschland gebracht. Obwohl von ganz oben kommend, öffnete sie ihre Augen und Hände für die Not derer ganz unten. Sie geriet natürlich in Konflikt mit der Etikette bei Hof und wurde, als ihr Gatte auf dem Kreuzzug starb, als junge Witwe mit ihren drei Kindern von ihrem Eigentum vertrieben. Mit ihrem Erbteil errichtete sie ein Spital für jene, die es nötiger brauchten als sie selber, und verstarb mit erst 24 Jahren. Man vergaß ihre Liebe nicht und erwählte sie zur Patronin der Caritas. Die Biografie der Heiligen wird Kindern in behutsamer Weise vorgestellt und durch die feinfühligen Illustrationen von Elisabeth Singer verlebendigt. Das Buch ermutigt dazu, Elisabeth in ihrem Tun nachzuahmen.</marc:subfield>
   </marc:datafield>
   <marc:datafield ind1=" " ind2=" " tag="020">
      <marc:subfield code="a">3702217983</marc:subfield>
      <marc:subfield code="9">3702217983</marc:subfield>
   </marc:datafield>
   <marc:datafield ind1=" " ind2=" " tag="300">
      <marc:subfield code="a">48 S. : zahlr. Ill. (farb.)</marc:subfield>
   </marc:datafield>
</marc:record>
